<?xml version="1.0" encoding="UTF-8"?>
<record
    xmlns:xsi="http://www.w3.org/2001/XMLSchema-instance"
    xsi:schemaLocation="http://www.loc.gov/MARC21/slim http://www.loc.gov/standards/marcxml/schema/MARC21slim.xsd"
    xmlns="http://www.loc.gov/MARC21/slim">

  <leader>00922    a2200229   4500</leader>
  <datafield tag="999" ind1=" " ind2=" ">
    <subfield code="c">186973</subfield>
    <subfield code="d">186973</subfield>
  </datafield>
  <controlfield tag="005">20220324125117.0</controlfield>
  <datafield tag="010" ind1=" " ind2=" ">
    <subfield code="a">ENG-132107-109</subfield>
  </datafield>
  <datafield tag="020" ind1=" " ind2=" ">
    <subfield code="a">9788195261291</subfield>
    <subfield code="c">838.00</subfield>
  </datafield>
  <datafield tag="020" ind1=" " ind2=" ">
    <subfield code="a">9788195261222</subfield>
    <subfield code="c">838.00</subfield>
  </datafield>
  <datafield tag="020" ind1=" " ind2=" ">
    <subfield code="a">9788195261239</subfield>
    <subfield code="c">838.00</subfield>
  </datafield>
  <datafield tag="035" ind1=" " ind2=" ">
    <subfield code="a">EN-115639-41</subfield>
  </datafield>
  <datafield tag="037" ind1=" " ind2=" ">
    <subfield code="b">DBAD/PUB</subfield>
  </datafield>
  <datafield tag="082" ind1=" " ind2=" ">
    <subfield code="a">294</subfield>
  </datafield>
  <datafield tag="100" ind1=" " ind2=" ">
    <subfield code="a">Maharaj Sawan Singh</subfield>
  </datafield>
  <datafield tag="245" ind1=" " ind2=" ">
    <subfield code="a">Basic Principles Of Sant Mat:</subfield>
    <subfield code="b">A Translation of Santmat Sidhant/</subfield>
    <subfield code="c">Maharaj Sawan Singh</subfield>
  </datafield>
  <datafield tag="250" ind1=" " ind2=" ">
    <subfield code="a">First Edition</subfield>
  </datafield>
  <datafield tag="260" ind1=" " ind2=" ">
    <subfield code="a">Punjab</subfield>
    <subfield code="b">Radha soami Satsang Beas</subfield>
    <subfield code="c">2021</subfield>
  </datafield>
  <datafield tag="270" ind1=" " ind2=" ">
    <subfield code="a">Dera Baba Jaimal Singh</subfield>
    <subfield code="b">Punjab</subfield>
    <subfield code="e">143204</subfield>
  </datafield>
  <datafield tag="300" ind1=" " ind2=" ">
    <subfield code="a">xv,376p(vol1) xv,440p(vol2) xv,400p(vol3)</subfield>
    <subfield code="b">Index,Glossary,Biblography &amp; Books On Spirituality(vol 1-3)</subfield>
    <subfield code="c">23cm (hbk)</subfield>
  </datafield>
  <datafield tag="500" ind1=" " ind2=" ">
    <subfield code="a">Vol 1- God, Creation, Guru
Vol 2- Meditation, Mind, Love
Vol 3- The World, Living In The World, External Practices</subfield>
  </datafield>
  <datafield tag="942" ind1=" " ind2=" ">
    <subfield code="a">dpl</subfield>
    <subfield code="c">EN</subfield>
    <subfield code="2">ddc</subfield>
    <subfield code="h">294</subfield>
    <subfield code="m">MAH</subfield>
    <subfield code="e">First Edition</subfield>
  </datafield>
  <datafield tag="952" ind1=" " ind2=" ">
    <subfield code="0">0</subfield>
    <subfield code="1">0</subfield>
    <subfield code="3">VOLUME 1</subfield>
    <subfield code="4">0</subfield>
    <subfield code="7">0</subfield>
    <subfield code="8">NFIC</subfield>
    <subfield code="a">L</subfield>
    <subfield code="b">L</subfield>
    <subfield code="d">2022-03-24</subfield>
    <subfield code="e">DBAD/PUB</subfield>
    <subfield code="g">838.00</subfield>
    <subfield code="l">0</subfield>
    <subfield code="o">294 MAH</subfield>
    <subfield code="p">EN-115639</subfield>
    <subfield code="r">2022-03-24 00:00:00</subfield>
    <subfield code="t">1</subfield>
    <subfield code="v">838.00</subfield>
    <subfield code="y">EN</subfield>
  </datafield>
  <datafield tag="952" ind1=" " ind2=" ">
    <subfield code="0">0</subfield>
    <subfield code="1">0</subfield>
    <subfield code="3">VOLUME 2</subfield>
    <subfield code="4">0</subfield>
    <subfield code="7">0</subfield>
    <subfield code="8">NFIC</subfield>
    <subfield code="a">L</subfield>
    <subfield code="b">L</subfield>
    <subfield code="d">2022-03-24</subfield>
    <subfield code="e">DBAD/PUB</subfield>
    <subfield code="g">838.00</subfield>
    <subfield code="l">0</subfield>
    <subfield code="o">294 MAH</subfield>
    <subfield code="p">EN-115640</subfield>
    <subfield code="r">2022-03-24 00:00:00</subfield>
    <subfield code="t">1</subfield>
    <subfield code="v">838.00</subfield>
    <subfield code="y">EN</subfield>
  </datafield>
  <datafield tag="952" ind1=" " ind2=" ">
    <subfield code="0">0</subfield>
    <subfield code="1">0</subfield>
    <subfield code="3">VOLUME 3</subfield>
    <subfield code="4">0</subfield>
    <subfield code="7">0</subfield>
    <subfield code="8">NFIC</subfield>
    <subfield code="a">L</subfield>
    <subfield code="b">L</subfield>
    <subfield code="d">2022-03-24</subfield>
    <subfield code="e">DBAD/PUB`</subfield>
    <subfield code="g">838.00</subfield>
    <subfield code="l">0</subfield>
    <subfield code="o">294 MAH</subfield>
    <subfield code="p">EN-115641</subfield>
    <subfield code="r">2022-03-24 00:00:00</subfield>
    <subfield code="t">1</subfield>
    <subfield code="v">838.00</subfield>
    <subfield code="y">EN</subfield>
  </datafield>
</record>
